Skúšanie, testovanie a hodnotenie v edukačnom procese

Bibliographic Details
Main Authors: Rafajlovičová, Rita, 1956- (Author), Štulrajterová, Milena, 1952- (Author)
Format: Book
Language:Slovak
PhysicalDescription:53 strán grafy, tabuľky 22 cm
Published: Bratislava Štátny pedagogický ústav 2002
ISBN:8085756676
Edition:1. vyd.
Subjects:

MARC

LEADER 00000cam a2200000 a 4500
001 vtls001458612
003 SK-MaSNL
005 20260426001845.0
008 240226s2002 xo da grfn 000 0 slo
015 |a SNBA2004/09-05372 
020 |a 8085756676  |q (brožované) 
035 |a SNK000413919 
035 |a urn:nbn:sk:snk-am3iwv3 
035 |a 774836E0-D2F4-4A25-A85C-41F142E5268F 
035 |a urn:nbn:sk:snk-am00g3ed 
040 |a SNK  |b slo  |c SNK  |e AACR2 
041 0 |a slo 
044 |a xo  |c SK 
072 7 |a 811.111  |x Angličtina  |2 konspekt 
080 |a 811.111(072)  |2 1997 
080 |a 811.111  |2 2011 
080 |a 37.01/.09  |2 2011 
080 |a (072)  |2 2011 
080 |a 37.091.26/.27  |2 2011 
080 |a 37.011/.012  |2 2011 
100 1 |a Rafajlovičová, Rita,  |d 1956-  |4 aut  |9 197086 
245 1 0 |a Skúšanie, testovanie a hodnotenie v edukačnom procese  |c Rita Rafajlovičová, Milena Štulrajterová 
250 |a 1. vyd. 
260 |a Bratislava  |b Štátny pedagogický ústav  |c 2002 
300 |a 53 strán  |b grafy, tabuľky  |c 22 cm 
366 |e 2000 kusov 
500 |a Obsahuje anglicko-slovenský a slovensko-anglický terminologický slovník 
504 |a Bibliografia na strane 52 
650 0 7 |a angličtina  |2 SNKPH  |9 1260 
650 0 7 |a vzdelávanie  |2 SNKPH  |9 4033 
650 0 7 |a hodnotenie žiakov  |2 SNKPH  |9 3929 
650 0 7 |a pedagogická evalvácia  |2 SNKPH  |9 4127 
655 7 |a metodické príručky  |2 SNKPH  |9 70250 
700 1 |a Štulrajterová, Milena,  |d 1952-  |4 aut  |9 252453 
919 |a 80-85756-67-6 
958 |a TL 
958 |a NB 
958 |a OND 
999 |c 902020  |d 903950 
952 |a SNK  |b SNK  |y PREZ  |7 0  |p 17A0393822  |o snkSC 112710  |i snkKSP 10491/2003  |8 0  |0 0  |1 0  |4 0  |d 2003-08-18  |f 1  |l 0  |r 2025-10-02 00:00:00  |w 2026-02-24 
952 |a SNK  |b SNK  |y VYP  |7 0  |p 17A0393823  |o snkSC 112710 D1  |i snkKSP 10492/2003  |8 0  |0 0  |1 0  |4 0  |d 2003-08-18  |l 0  |r 2005-01-02 00:00:00  |w 2026-02-24